ՀՀ Գիտությունների ազգային ակադեմիայի հիմնարար գիտական գրադարան  =   Fundamental Scientific Library of NAS RA

Сплошные прелести : (Record no. 270429)

MARC details
000 -LEADER
fixed length control field 00947nam a2200253 a 4500
001 - CONTROL NUMBER
control field 000731372
003 - CONTROL NUMBER IDENTIFIER
control field AM-YeHGA
005 - DATE AND TIME OF LATEST TRANSACTION
control field 20250618073747.0
008 - FIXED-LENGTH DATA ELEMENTS--GENERAL INFORMATION
fixed length control field 100426s1976 |||| |||||||||||||rus d
040 ## - CATALOGING SOURCE
Original cataloging agency AM-YeHGA
041 1# - LANGUAGE CODE
Language code of text/sound track or separate title rus
Language code of original eng
090 ## - LOCALLY ASSIGNED LC-TYPE CALL NUMBER (OCLC); LOCAL CALL NUMBER (RLIN)
-- 272067
100 1# - MAIN ENTRY--PERSONAL NAME
Personal name Մոեմ, Սոմերսեթ,
Dates associated with a name 1874-1965
9 (RLIN) 8655
245 10 - TITLE STATEMENT
Title Сплошные прелести :
Remainder of title Пер. с англ. /
Statement of responsibility, etc. У.С. Моэм; В Англии: Романы /Брэгг М.; Предисл. Урнова; Худож. Б. Алимов.
246 15 - VARYING FORM OF TITLE
Title proper/short title Cakes and Ale
246 15 - VARYING FORM OF TITLE
Title proper/short title A place in England
260 ## - PUBLICATION, DISTRIBUTION, ETC.
Place of publication, distribution, etc. Москва :
Name of publisher, distributor, etc. Мол. гвардия,
Date of publication, distribution, etc. 1976.
300 ## - PHYSICAL DESCRIPTION
Extent 400 с. :
Other physical details ил. ;
Dimensions 20 см.
650 14 - SUBJECT ADDED ENTRY--TOPICAL TERM
Topical term or geographic name entry element Английская литература
General subdivision Роман
700 1# - ADDED ENTRY--PERSONAL NAME
Personal name Брэгг, Малвин
700 1# - ADDED ENTRY--PERSONAL NAME
Personal name Урнов, Д.
Relator term авт. предисл.
Relationship aui
700 1# - ADDED ENTRY--PERSONAL NAME
Personal name Алимов, Б.
Relator term худож.
Relationship art
740 02 - ADDED ENTRY--UNCONTROLLED RELATED/ANALYTICAL TITLE
Uncontrolled related/analytical title В Англии
Holdings
Withdrawn status Lost status Damaged status Not for loan Collection Home library Current library Date acquired Total checkouts Full call number Barcode Date last seen Price effective from Koha item type Public note
        General Fundamental Scientific Library Fundamental Scientific Library 29/12/2016   PII/490541 FL0256386 29/12/2016 29/12/2016 Գրքեր / Books 30 Days Loan


ՀՀ ԳԱԱ հիմնարար գիտական գրադարան
ՀՀ,Երևան 0019
Մարշալ Բաղրամյան 24/6
հեռախոս:(374-10) 52-47-50
Հետադարձ կապ

All site content, except where otherwise noted, is licensed under a
Creative Commons License